[Event "SF Essen-Katernberg  2 - Gütersloher S"]
[Site "NRW-Klasse - Gruppe 2 2019/20"]
[Date "2020.01.12"]
[Round "5.3"]
[White "Wulfhorst, Noah"]
[Black "Dahm, Bernd"]
[Result "1/2-1/2"]
[WhiteElo "1973"]
[BlackElo "2104"]
[PlyCount "53"]
[EventDate "2020.??.??"]
[SourceVersionDate "2020.03.16"]
[WhiteTeam "Gütersloher SV 1"]
[BlackTeam "SF Essen-Katernberg  2"]

1. c4 c5 2. g3 Nc6 3. Bg2 g6 4. Nc3 Bg7 5. Rb1 e6 6. a3 a5 7. d3 Nge7 8. Nf3
O-O 9. O-O d5 10. cxd5 Nxd5 11. Nb5 b6 12. Bd2 Bb7 13. Ng5 Qd7 14. Ne4 Rfd8 15.
Nbd6 Ba6 16. Nc4 Rab8 17. Re1 h6 18. Qc1 Kh7 19. Ne3 Rbc8 20. h4 Nd4 21. Bc3
Nxe3 22. fxe3 Nf5 23. Bxg7 Kxg7 24. Qc3+ Kf8 25. Qh8+ Ke7 26. Qf6+ Kf8 27. Qh8+
1/2-1/2

[Event "SF Essen-Katernberg  2 - Gütersloher S"]
[Site "NRW-Klasse - Gruppe 2 2019/20"]
[Date "2020.01.12"]
[Round "5.4"]
[White "Irkilmez, Yakub"]
[Black "Hanhoerster, Stephan"]
[Result "1/2-1/2"]
[WhiteElo "2088"]
[BlackElo "2014"]
[PlyCount "20"]
[EventDate "2020.??.??"]
[SourceVersionDate "2020.03.16"]
[WhiteTeam "SF Essen-Katernberg  2"]
[BlackTeam "Gütersloher SV 1"]

1. d4 d5 2. Bf4 Nf6 3. e3 e6 4. Nf3 Bd6 5. Ne5 O-O 6. Nd2 b6 7. c3 Bb7 8. Bd3
Ne4 9. O-O Nd7 10. Nxd7 Qxd7 1/2-1/2

[Event "SF Essen-Katernberg  2 - Gütersloher S"]
[Site "NRW-Klasse - Gruppe 2 2019/20"]
[Date "2020.01.12"]
[Round "5.5"]
[White "Lueckner, Andreas"]
[Black "Dette, Jan"]
[Result "1/2-1/2"]
[WhiteElo "1933"]
[BlackElo "2066"]
[PlyCount "46"]
[EventDate "2020.??.??"]
[SourceVersionDate "2020.03.16"]
[WhiteTeam "Gütersloher SV 1"]
[BlackTeam "SF Essen-Katernberg  2"]

1. d4 e6 2. Nf3 f5 3. d5 Bd6 4. Nc3 Nf6 5. Bg5 h6 6. Bxf6 Qxf6 7. Qd3 Na6 8.
O-O-O Nc5 9. Qc4 a6 10. dxe6 dxe6 11. e4 b5 12. e5 bxc4 13. exf6 gxf6 14. Bxc4
Rg8 15. g3 Bb7 16. Be2 Ne4 17. Nxe4 Bxe4 18. Rhe1 Kf7 19. Nd2 Bd5 20. Bf3 Bxf3
21. Nxf3 f4 22. Nd2 fxg3 23. hxg3 Rad8 1/2-1/2

[Event "SF Essen-Katernberg  2 - Gütersloher S"]
[Site "NRW-Klasse - Gruppe 2 2019/20"]
[Date "2020.01.12"]
[Round "5.6"]
[White "Heldt, Maximilian"]
[Black "Asani, Baskim"]
[Result "1-0"]
[WhiteElo "2077"]
[BlackElo "1936"]
[Annotator "Daniel"]
[PlyCount "87"]
[EventDate "2020.??.??"]
[SourceVersionDate "2020.03.16"]
[WhiteTeam "SF Essen-Katernberg  2"]
[BlackTeam "Gütersloher SV 1"]

1. c4 Nf6 2. g3 g6 3. Bg2 Bg7 4. Nc3 d6 5. e4 c5 6. Nge2 Nc6 7. O-O h5 8. h4
O-O 9. d3 Bd7 10. Bg5 Nh7 11. Be3 Nf6 12. f3 Be6 13. Rb1 Nd7 14. Nf4 Nd4 15.
Nce2 Nb8 16. Nxd4 cxd4 17. Nxe6 fxe6 18. Bg5 Bf6 19. Bh6 Bg7 20. Qd2 Nd7 21.
Qg5 Ne5 22. Bxg7 Kxg7 23. f4 Nf7 24. Qb5 Rb8 25. Bh3 a6 26. Qb4 e5 27. Be6 Qc7
28. Qd2 Nh6 $11 29. Rf2 Rf6 30. Bh3 Rbf8 31. Rbf1 exf4 32. gxf4 Kh7 33. Rg2 e5
34. f5 gxf5 35. exf5 Qf7 36. Rg5 Ng4 37. Bxg4 hxg4 38. Qg2 Rg8 39. Qxg4 Rg7 40.
Rf2 Qf8 41. Qe4 Kh8 42. Rfg2 Rgf7 43. Qg4 Kh7 44. Rh5+ 1-0

[Event "SF Essen-Katernberg  2 - Gütersloher S"]
[Site "NRW-Klasse - Gruppe 2 2019/20"]
[Date "2020.01.12"]
[Round "5.7"]
[White "Seliger, Frank"]
[Black "Kaeding, Rainer"]
[Result "1/2-1/2"]
[WhiteElo "1916"]
[BlackElo "2069"]
[PlyCount "25"]
[EventDate "2020.??.??"]
[SourceVersionDate "2020.03.16"]
[WhiteTeam "Gütersloher SV 1"]
[BlackTeam "SF Essen-Katernberg  2"]

1. d4 d5 2. Nf3 e6 3. c4 c6 4. Nc3 dxc4 5. a4 Bb4 6. Bd2 a5 7. e3 b5 8. g3 Nf6
9. Bg2 Bb7 10. Ne5 Qb6 11. O-O O-O 12. Ne4 Be7 13. Qe1 1/2-1/2

[Event "SF Essen-Katernberg  2 - Gütersloher S"]
[Site "NRW-Klasse - Gruppe 2 2019/20"]
[Date "2020.01.12"]
[Round "5.8"]
[White "Gallas, Noel"]
[Black "Fischer, Colin"]
[Result "1-0"]
[WhiteElo "1961"]
[BlackElo "1726"]
[PlyCount "67"]
[EventDate "2020.??.??"]
[SourceVersionDate "2020.03.16"]
[WhiteTeam "SF Essen-Katernberg  2"]
[BlackTeam "Gütersloher SV 1"]

1. e4 c5 2. c3 e6 3. d4 cxd4 4. cxd4 Nf6 5. Nc3 d6 6. Nf3 Nbd7 7. Bc4 a6 8. e5
Qc7 9. Qe2 d5 10. Bd3 Ng4 11. Ng5 Nh6 12. Nxh7 Bb4 13. Bd2 Nf5 14. Bxf5 exf5
15. Ng5 Bxc3 16. Bxc3 Nf8 17. Bb4 Ne6 18. Nxe6 fxe6 19. O-O Bd7 20. Bd6 Qb6 21.
Qd2 Rh5 22. Rfc1 Bc6 23. Qe2 Rg5 24. Qe3 Rg4 25. h3 f4 26. Qf3 Rh4 27. g3 Rxh3
28. Qxf4 O-O-O 29. Qg4 Rh6 30. Kg2 Rdh8 31. Rh1 Rxh1 32. Rxh1 Rxh1 33. Kxh1
Qxd4 34. Qxd4 1-0

[Event "SK Holsterhausen 1 - SF Essen-Werden 1"]
[Site "NRW-Klasse - Gruppe 2 2019/20"]
[Date "2020.01.12"]
[Round "5.1"]
[White "Kaufeld, Juergen"]
[Black "Dergatschova, Anna"]
[Result "1-0"]
[WhiteElo "2243"]
[BlackElo "2137"]
[PlyCount "95"]
[EventDate "2020.??.??"]
[SourceVersionDate "2020.03.16"]
[WhiteTeam "SF Essen-Werden 1"]
[BlackTeam "SK Holsterhausen 1"]

1. e4 c5 2. Nf3 Nc6 3. d4 cxd4 4. Nxd4 g6 5. c4 Nf6 6. Nc3 d6 7. f3 Bg7 8. Be3
O-O 9. Qd2 Bd7 10. Be2 Rc8 11. Rc1 a6 12. O-O Ne5 13. b3 e6 14. Rfd1 Qa5 15.
Kh1 Rfd8 16. Bg5 Rc5 17. f4 Nc6 18. Nxc6 Rxc6 19. Bf3 e5 20. Nd5 Qxd2 21. Rxd2
Nxd5 22. exd5 Rcc8 23. Bxd8 Rxd8 24. c5 Bh6 25. g3 exf4 26. g4 dxc5 27. Rxc5
Bf8 28. Rc7 b5 29. d6 a5 30. h3 Kg7 31. Bc6 Bxc6+ 32. Rxc6 Rd7 33. Ra6 Kf6 34.
Rxa5 Ke5 35. Rxb5+ Ke4 36. Rbd5 Bg7 37. Kg2 f3+ 38. Kf2 Bf6 39. g5 Bc3 40. Rd1
f5 41. R5d3 Be5 42. b4 f4 43. b5 h6 44. gxh6 Bf6 45. b6 Bh4+ 46. Kf1 Bd8 47.
Rd4+ Ke5 48. Rb4 1-0

[Event "SK Holsterhausen 1 - SF Essen-Werden 1"]
[Site "NRW-Klasse - Gruppe 2 2019/20"]
[Date "2020.01.12"]
[Round "5.2"]
[White "Walbaum, Klaus"]
[Black "Kauch, Markus"]
[Result "1-0"]
[WhiteElo "2119"]
[BlackElo "2175"]
[PlyCount "77"]
[EventDate "2020.??.??"]
[SourceVersionDate "2020.03.16"]
[WhiteTeam "SK Holsterhausen 1"]
[BlackTeam "SF Essen-Werden 1"]

1. d4 d6 2. g3 g6 3. Bg2 Bg7 4. Nf3 f5 5. O-O Nf6 6. c4 O-O 7. Nc3 c6 8. Qc2
Na6 9. a3 Qe8 10. d5 Bd7 11. Re1 Nc5 12. Nd2 a5 13. b3 e5 14. dxe6 Qxe6 15. Bb2
Rae8 16. b4 axb4 17. axb4 Nce4 18. Ncxe4 fxe4 19. e3 Qe7 20. h3 h5 21. Ra7 Bf5
22. Nb3 Rf7 23. Nd4 Qd8 24. Nxf5 gxf5 25. Rd1 h4 26. Qd2 hxg3 27. fxg3 Nh5 28.
Bxg7 Rxg7 29. g4 fxg4 30. hxg4 Rxg4 31. Rxb7 Re6 32. Rf1 Reg6 33. Rf2 Qg5 34.
b5 Qe5 35. bxc6 Qa1+ 36. Rf1 Rxg2+ 37. Qxg2 Rxg2+ 38. Kxg2 Qa6 39. Rb8+ 1-0

[Event "SK Holsterhausen 1 - SF Essen-Werden 1"]
[Site "NRW-Klasse - Gruppe 2 2019/20"]
[Date "2020.01.12"]
[Round "5.3"]
[White "Roth, Markus"]
[Black "Schwalen, Peter"]
[Result "1-0"]
[WhiteElo "2183"]
[BlackElo "2017"]
[PlyCount "97"]
[EventDate "2020.??.??"]
[SourceVersionDate "2020.03.16"]
[WhiteTeam "SF Essen-Werden 1"]
[BlackTeam "SK Holsterhausen 1"]

1. Nf3 Nf6 2. c4 g6 3. g3 Bg7 4. Bg2 O-O 5. d4 d6 6. Nc3 Nc6 7. O-O a6 8. b3
Rb8 9. Nd5 Bg4 10. Bb2 Nxd5 11. cxd5 Nb4 12. h3 Bxf3 13. Bxf3 c6 14. dxc6 bxc6
15. Qd2 Qb6 16. Rfc1 Rfc8 17. e3 a5 18. Bc3 Ra8 19. Rab1 e6 20. Bg2 Nd5 21. Ba1
Qb4 22. Qe2 Qb6 23. Qc4 Nb4 24. Qe2 d5 25. Rc5 Na6 26. Rc2 Bf8 27. Rbc1 Ba3 28.
Bb2 Be7 29. Ba1 Ba3 30. Rd1 Nb4 31. Rc5 Na6 32. Rc2 Nb4 33. Rcd2 Qa6 34. Qg4 f5
35. Qg5 Qa7 36. Bb2 Bxb2 37. Rxb2 c5 38. h4 Qg7 39. Rbd2 Rab8 40. a3 Nc6 41.
dxc5 Rxb3 42. Rxd5 h6 43. Qf4 exd5 44. Bxd5+ Kh7 45. Bxb3 Ne5 46. Rd5 Rb8 47.
Qxe5 Qxe5 48. Rxe5 Rxb3 49. Re7+ 1-0

[Event "SK Holsterhausen 1 - SF Essen-Werden 1"]
[Site "NRW-Klasse - Gruppe 2 2019/20"]
[Date "2020.01.12"]
[Round "5.4"]
[White "Bobzin, Pierre"]
[Black "Berger, Konstantin"]
[Result "1/2-1/2"]
[WhiteElo "2056"]
[BlackElo "2094"]
[Annotator "Daniel"]
[PlyCount "84"]
[EventDate "2020.??.??"]
[SourceVersionDate "2020.03.16"]
[WhiteTeam "SK Holsterhausen 1"]
[BlackTeam "SF Essen-Werden 1"]

1. Nf3 c5 2. g3 d5 3. Bg2 Nf6 4. O-O e6 5. d3 Nc6 6. Nbd2 b6 7. e4 Be7 8. Re1
Bb7 9. Qe2 Nb4 10. e5 Nxc2 11. exf6 Bxf6 12. Rb1 Nxe1 13. Nxe1 O-O 14. Nc4 Ba6
15. Ne5 Rc8 16. N1f3 Qe7 17. h4 Bxe5 18. Nxe5 f6 19. Ng4 Rcd8 20. b3 Rfe8 21.
Bb2 e5 22. Qf3 c4 23. dxc4 dxc4 24. Bf1 Rc8 25. Bxc4+ Bxc4 26. bxc4 Rxc4 27.
Ne3 Ra4 28. a3 $11 Qe6 29. Qd1 Ra5 30. Rc1 Rb5 31. Bc3 Rc5 32. Bb2 Rxc1 33.
Qxc1 Rc8 34. Qd2 b5 35. Qd3 a6 36. h5 h6 37. g4 Re8 38. Qg6 Qf7 39. Qd3 Qf8 40.
Qd7 Qf7 41. Qd3 Kh8 42. Qd6 Qe6 1/2-1/2

[Event "SK Holsterhausen 1 - SF Essen-Werden 1"]
[Site "NRW-Klasse - Gruppe 2 2019/20"]
[Date "2020.01.12"]
[Round "5.5"]
[White "ter Steeg, Marcus"]
[Black "Lindenmaier, Reinhard"]
[Result "1/2-1/2"]
[WhiteElo "2023"]
[BlackElo "1985"]
[PlyCount "77"]
[EventDate "2020.??.??"]
[SourceVersionDate "2020.03.16"]
[WhiteTeam "SF Essen-Werden 1"]
[BlackTeam "SK Holsterhausen 1"]

1. d4 d6 2. Nf3 Bg4 3. e3 Nd7 4. Nbd2 Ngf6 5. Bd3 e5 6. h3 Bh5 7. b3 Be7 8. Bb2
exd4 9. Bxd4 Nc5 10. Bf5 Ne6 11. Bb2 Bg6 12. Nh4 Bxf5 13. Nxf5 O-O 14. Qf3 c6
15. Nxe7+ Qxe7 16. Bxf6 Qxf6 17. Qxf6 gxf6 18. Ne4 d5 19. Nxf6+ Kg7 20. Nh5+
Kg6 21. Ng3 a5 22. a4 Rae8 23. Kd2 h5 24. h4 Nc5 25. Raf1 Rg8 26. Ne2 Kh6 27.
g3 Rg6 28. Kc1 Ne4 29. Rhg1 Reg8 30. Nd4 Rf6 31. Rg2 Nxg3 32. Rfg1 c5 33. Rxg3
Rxg3 34. Rxg3 cxd4 35. Rg5 Rxf2 36. exd4 Rf4 37. Rxd5 Rxh4 38. Kd2 Rh2+ 39. Kd3
1/2-1/2

[Event "SK Holsterhausen 1 - SF Essen-Werden 1"]
[Site "NRW-Klasse - Gruppe 2 2019/20"]
[Date "2020.01.12"]
[Round "5.6"]
[White "Sicars, Thorsten"]
[Black "Claussen, Uwe"]
[Result "0-1"]
[WhiteElo "1988"]
[BlackElo "2024"]
[PlyCount "72"]
[EventDate "2020.??.??"]
[SourceVersionDate "2020.03.16"]
[WhiteTeam "SK Holsterhausen 1"]
[BlackTeam "SF Essen-Werden 1"]

1. d4 d5 2. Bf4 c5 3. e3 Nc6 4. c3 Qb6 5. Qb3 c4 6. Qc2 Bf5 7. Qxf5 Qxb2 8.
Qxd5 Qxa1 9. Qb5 a6 10. Qxb7 Nd8 11. Qe4 Qxa2 12. Bxc4 Qxc4 13. Qxa8 g5 14. Be5
f6 15. Bg3 e6 16. Ne2 Ne7 17. Qf3 Bg7 18. Qh5+ Nf7 19. Bd6 Qd5 20. Bxe7 Kxe7
21. O-O Qa2 22. f4 Rb8 23. Kf2 Rxb1 24. Qxh7 Rxf1+ 25. Kxf1 Bh6 26. Qe4 Qd5 27.
Qd3 Qb7 28. c4 a5 29. d5 exd5 30. cxd5 Kf8 31. g3 Nd6 32. e4 Qb5 33. Qd4 Qb1+
34. Kf2 Bg7 35. Nc3 Qb4 36. Qe3 Qxc3 0-1

[Event "SK Holsterhausen 1 - SF Essen-Werden 1"]
[Site "NRW-Klasse - Gruppe 2 2019/20"]
[Date "2020.01.12"]
[Round "5.7"]
[White "Huette, Stefan"]
[Black "Warmbier, Robert"]
[Result "1/2-1/2"]
[WhiteElo "1994"]
[BlackElo "1886"]
[PlyCount "55"]
[EventDate "2020.??.??"]
[SourceVersionDate "2020.03.16"]
[WhiteTeam "SF Essen-Werden 1"]
[BlackTeam "SK Holsterhausen 1"]

1. d4 Nf6 2. Bg5 e6 3. Nf3 Be7 4. e3 O-O 5. Nbd2 b6 6. c3 Bb7 7. Bd3 Nd5 8.
Bxe7 Qxe7 9. a3 f5 10. Qe2 a5 11. O-O Nc6 12. Ne5 Nd8 13. c4 Nf6 14. Bc2 Nf7
15. Nxf7 Rxf7 16. f3 Qd6 17. Qd3 g6 18. e4 fxe4 19. fxe4 Raf8 20. e5 Qc6 21.
Qh3 Nh5 22. Rxf7 Rxf7 23. Be4 d5 24. Bf3 Nf4 25. Qh4 Qd7 26. g3 Nd3 27. b3 c5
28. Qg4 1/2-1/2

[Event "SK Holsterhausen 1 - SF Essen-Werden 1"]
[Site "NRW-Klasse - Gruppe 2 2019/20"]
[Date "2020.01.12"]
[Round "5.8"]
[White "Krieglstein, Marcel"]
[Black "Mohnke, Martin"]
[Result "1-0"]
[WhiteElo "1832"]
[BlackElo "1921"]
[PlyCount "53"]
[EventDate "2020.??.??"]
[SourceVersionDate "2020.03.16"]
[WhiteTeam "SK Holsterhausen 1"]
[BlackTeam "SF Essen-Werden 1"]

1. d4 Nf6 2. c4 g6 3. Nc3 Bg7 4. e4 d6 5. Be2 O-O 6. f4 c5 7. d5 e6 8. Nf3 exd5
9. cxd5 Re8 10. e5 dxe5 11. fxe5 Ng4 12. Bg5 Qb6 13. Qd2 Nxe5 14. O-O Nxf3+ 15.
Bxf3 Nd7 16. d6 Bd4+ 17. Kh1 Qxd6 18. Bd5 Re6 19. Bxe6 Qxe6 20. Rae1 Be5 21.
Rxe5 Nxe5 22. Qd8+ Kg7 23. Bf6+ Kh6 24. Qf8+ Kh5 25. Ne2 Nd3 26. Ng3+ Kg4 27.
h3+ 1-0

[Event "SV Wattenscheid 2 - SG Turm Raesfeld/Er"]
[Site "NRW-Klasse - Gruppe 2 2019/20"]
[Date "2020.01.12"]
[Round "5.1"]
[White "Wilger, Frank"]
[Black "Schroeder, Wilfried"]
[Result "1/2-1/2"]
[WhiteElo "2097"]
[BlackElo "2190"]
[PlyCount "81"]
[EventDate "2020.??.??"]
[SourceVersionDate "2020.03.16"]
[WhiteTeam "SG Turm Raesfeld/Erle 1"]
[BlackTeam "SV Wattenscheid 2"]

1. d4 d5 2. c4 e6 3. Nc3 c6 4. cxd5 exd5 5. Nf3 Bf5 6. Qb3 Qb6 7. Qxb6 axb6 8.
Bg5 Bd6 9. e3 Nd7 10. Be2 h6 11. Bh4 Ngf6 12. Nd2 b5 13. f3 b4 14. Nd1 O-O 15.
g4 Bc2 16. b3 Rfe8 17. Kf2 Re6 18. Bg3 Bxg3+ 19. hxg3 Rae8 20. Re1 c5 21. dxc5
Bxd1 22. Bxd1 d4 23. e4 Nxc5 24. Be2 d3 25. Bf1 Ra6 26. Rec1 Nfd7 27. Rc4 Rea8
28. Ke3 Rxa2 29. Rxa2 Rxa2 30. Bxd3 Nxd3 31. Rc8+ Kh7 32. Kxd3 Ne5+ 33. Ke3 f6
34. Rc7 b6 35. Rb7 Rc2 36. Rxb6 Rc3+ 37. Ke2 Nc6 38. Kf2 Rd3 39. Ke2 Rc3 40.
Ke1 Rc1+ 41. Ke2 1/2-1/2

[Event "SV Wattenscheid 2 - SG Turm Raesfeld/Er"]
[Site "NRW-Klasse - Gruppe 2 2019/20"]
[Date "2020.01.12"]
[Round "5.2"]
[White "Schlehoefer, Ralf"]
[Black "Pollok, Ralf"]
[Result "1-0"]
[WhiteElo "2155"]
[BlackElo "2035"]
[PlyCount "53"]
[EventDate "2020.??.??"]
[SourceVersionDate "2020.03.16"]
[WhiteTeam "SV Wattenscheid 2"]
[BlackTeam "SG Turm Raesfeld/Erle 1"]

1. d4 f5 2. g3 Nf6 3. Bg2 e6 4. Nh3 Be7 5. O-O O-O 6. c4 d6 7. Nc3 c6 8. e4 e5
9. Ng5 h6 10. dxe5 dxe5 11. Nf3 Qxd1 12. Rxd1 Nxe4 13. Nxe4 fxe4 14. Nxe5 Bc5
15. Bxe4 Bxf2+ 16. Kg2 Bb6 17. Bf4 g5 18. Bd2 Be6 19. Bc3 Na6 20. b4 Rf2+ 21.
Kh1 Bc7 22. Nd7 Bxc4 23. Nf6+ Kf7 24. Ng4 Re2 25. Nxh6+ Ke7 26. Bf3 Re3 27.
Nf5+ 1-0

[Event "SV Wattenscheid 2 - SG Turm Raesfeld/Er"]
[Site "NRW-Klasse - Gruppe 2 2019/20"]
[Date "2020.01.12"]
[Round "5.3"]
[White "Greifenberg, Daniel"]
[Black "Buchenthal, Dieter"]
[Result "1-0"]
[WhiteElo "2047"]
[BlackElo "2103"]
[Annotator "Daniel"]
[PlyCount "61"]
[EventDate "2020.??.??"]
[SourceVersionDate "2020.03.16"]
[WhiteTeam "SG Turm Raesfeld/Erle 1"]
[BlackTeam "SV Wattenscheid 2"]

1. d4 c5 2. d5 e6 3. e4 d6 4. Nf3 Ne7 5. Bb5+ Bd7 6. Bxd7+ Qxd7 7. O-O e5 8.
Nc3 h6 9. Be3 Na6 10. a3 g5 11. Qe2 Ng6 12. Rfb1 Be7 13. b4 Bd8 14. Rb3 Rb8 15.
bxc5 Nxc5 16. Bxc5 dxc5 17. Qc4 b6 18. a4 Rc8 19. Qb5 g4 $11 20. Nd2 h5 21. Nc4
Rc7 22. a5 bxa5 23. Rxa5 O-O 24. Qxd7 Rxd7 25. Rxc5 f5 26. Rc6 Rf6 27. exf5 Nf4
28. Nxe5 Rxc6 29. dxc6 Rd2 30. Rb8 Kh7 31. Rb7+ 1-0

[Event "SV Wattenscheid 2 - SG Turm Raesfeld/Er"]
[Site "NRW-Klasse - Gruppe 2 2019/20"]
[Date "2020.01.12"]
[Round "5.4"]
[White "Lang, Daniel"]
[Black "Gesing, Felix"]
[Result "1/2-1/2"]
[WhiteElo "2069"]
[BlackElo "1986"]
[PlyCount "143"]
[EventDate "2020.??.??"]
[SourceVersionDate "2020.03.16"]
[WhiteTeam "SV Wattenscheid 2"]
[BlackTeam "SG Turm Raesfeld/Erle 1"]

1. e4 d6 2. Bc4 Nf6 3. Qe2 e5 4. Nf3 Be7 5. d4 exd4 6. Nxd4 O-O 7. Nc3 c6 8.
Bb3 Nbd7 9. O-O Nc5 10. Bf4 Nxb3 11. axb3 Re8 12. Rfd1 Bf8 13. f3 Nh5 14. Be3
Qf6 15. Qd2 Qe7 16. Ra5 Nf6 17. Nf5 Qc7 18. Na4 Bxf5 19. Rxf5 b5 20. Nc3 Nd7
21. Rh5 Re6 22. Qf2 Ne5 23. Ra1 a6 24. Ne2 Ree8 25. Qh4 h6 26. Qg3 Ng6 27. Nd4
a5 28. Nf5 a4 29. bxa4 Rxa4 30. Rd1 Rea8 31. Qe1 d5 32. exd5 cxd5 33. c3 b4 34.
Bd4 bxc3 35. Bxc3 Qc5+ 36. Kh1 Qc4 37. Ne3 Qb3 38. Rhxd5 Re8 39. Qd2 Rh4 40.
Nf5 Ra4 41. Rd8 Ra8 42. Rxa8 Rxa8 43. Re1 Qb5 44. Nd4 Qh5 45. Nc6 Nh4 46. Ne5
Qf5 47. Qd5 Re8 48. Re4 Ng6 49. Qd4 Nxe5 50. Rxe5 Qb1+ 51. Qg1 Qxg1+ 52. Kxg1
Rb8 53. Re4 f5 54. Rc4 Rb3 55. Kf1 Kf7 56. Rc7+ Ke6 57. Ke2 g5 58. Kd3 Kd5 59.
Rf7 Rb8 60. Rxf5+ Ke6 61. Ra5 Rb6 62. Bd4 Rb3+ 63. Ke4 Rb4 64. Ra6+ Kf7 65.
Rf6+ Ke8 66. Rc6 Bg7 67. Rd6 Ke7 68. Rd5 Bxd4 69. Rxd4 Rxb2 70. Kf5 Rxg2 71. h4
Rg3 72. hxg5 1/2-1/2

[Event "SV Wattenscheid 2 - SG Turm Raesfeld/Er"]
[Site "NRW-Klasse - Gruppe 2 2019/20"]
[Date "2020.01.12"]
[Round "5.5"]
[White "Borutta, Niklas"]
[Black "Gohla, Ulf"]
[Result "1-0"]
[WhiteElo "2019"]
[BlackElo "2185"]
[PlyCount "89"]
[EventDate "2020.??.??"]
[SourceVersionDate "2020.03.16"]
[WhiteTeam "SG Turm Raesfeld/Erle 1"]
[BlackTeam "SV Wattenscheid 2"]

1. d4 Nf6 2. Nf3 e6 3. c4 b6 4. g3 Bb7 5. Bg2 Be7 6. O-O O-O 7. Nc3 Ne4 8. Bd2
a5 9. d5 Nxc3 10. Bxc3 d6 11. e4 e5 12. Ne1 Nd7 13. b3 Bc8 14. a3 Nf6 15. Nd3
Bg4 16. f3 Bh5 17. Qc2 Bg6 18. b4 axb4 19. axb4 Nd7 20. Rxa8 Qxa8 21. Ra1 Qb7
22. Qa4 Rd8 23. Bh3 Nf8 24. Qa7 Qb8 25. Qxb8 Rxb8 26. Ra7 Bd8 27. b5 f5 28.
exf5 Be8 29. f6 gxf6 30. Nb4 Bd7 31. Bxd7 Nxd7 32. Nc6 Rc8 33. Nxd8 Rxd8 34.
Rxc7 Nc5 35. Bb4 Nd3 36. Ba3 Ne1 37. Kf2 Nc2 38. Bc1 h5 39. Be3 Ra8 40. Bxb6
Ra2 41. Kf1 f5 42. Bf2 e4 43. fxe4 fxe4 44. b6 e3 45. b7 1-0

[Event "SV Wattenscheid 2 - SG Turm Raesfeld/Er"]
[Site "NRW-Klasse - Gruppe 2 2019/20"]
[Date "2020.01.12"]
[Round "5.6"]
[White "Peter, Thomas"]
[Black "Broemmel, Rudolf"]
[Result "1/2-1/2"]
[WhiteElo "2083"]
[BlackElo "1940"]
[PlyCount "90"]
[EventDate "2020.??.??"]
[SourceVersionDate "2020.03.16"]
[WhiteTeam "SV Wattenscheid 2"]
[BlackTeam "SG Turm Raesfeld/Erle 1"]

1. e4 Nc6 2. d4 d5 3. Nc3 Nf6 4. e5 Nd7 5. Nxd5 Ndb8 6. Bc4 Be6 7. Ne3 Bxc4 8.
Nxc4 Qxd4 9. Qxd4 Nxd4 10. Ne3 f6 11. c3 Ne6 12. Nf3 Nc6 13. Nc2 Nxe5 14. Nxe5
fxe5 15. Be3 g6 16. Rd1 Bg7 17. O-O a6 18. Nb4 Rd8 19. Rxd8+ Kxd8 20. f3 Bf6
21. Bf2 Kc8 22. Rd1 Rd8 23. Rxd8+ Kxd8 24. Bg3 Nf4 25. Bxf4 exf4 26. Nd3 g5 27.
Nc5 Kc8 28. Kf1 b6 29. Ne4 Kd7 30. Ke2 Ke6 31. Kd3 Kd5 32. c4+ Ke5 33. b3 Kf5
34. h3 Be5 35. a4 Bd6 36. Kd4 e6 37. c5 Bf8 38. Kc4 h5 39. b4 g4 40. hxg4+ hxg4
41. b5 a5 42. c6 gxf3 43. gxf3 Be7 44. Kd4 Bb4 45. Kc4 Be7 1/2-1/2

[Event "SV Wattenscheid 2 - SG Turm Raesfeld/Er"]
[Site "NRW-Klasse - Gruppe 2 2019/20"]
[Date "2020.01.12"]
[Round "5.7"]
[White "Hoffmann, Fabian"]
[Black "Schlange, Stefan"]
[Result "0-1"]
[WhiteElo "1962"]
[BlackElo "2116"]
[PlyCount "88"]
[EventDate "2020.??.??"]
[SourceVersionDate "2020.03.16"]
[WhiteTeam "SG Turm Raesfeld/Erle 1"]
[BlackTeam "SV Wattenscheid 2"]

1. e4 e5 2. Nf3 Nc6 3. Bc4 Nf6 4. d3 Be7 5. Nc3 d6 6. a3 O-O 7. O-O Bg4 8. Be3
Nd4 9. Bxd4 exd4 10. Nd5 Nxd5 11. Bxd5 c6 12. Ba2 Qb6 13. Rb1 Qc5 14. Kh1 Bxf3
15. gxf3 Bg5 16. Rg1 Bf4 17. Rg4 Qe5 18. Qg1 g5 19. Qg2 Kg7 20. c3 c5 21. Qh3
f5 22. Rg2 Rf6 23. Rbg1 Raf8 24. Rxg5+ Bxg5 25. Rxg5+ Rg6 26. Qh4 dxc3 27. bxc3
Qf6 28. Rxg6+ hxg6 29. Qxf6+ Rxf6 30. Kg2 g5 31. Kg3 fxe4 32. fxe4 Rf4 33. Be6
b5 34. f3 a5 35. Kf2 Rh4 36. h3 Kf6 37. Bd7 b4 38. cxb4 axb4 39. axb4 cxb4 40.
Ke2 Rh7 41. Ba4 Rxh3 42. d4 Rh2+ 43. Kd3 Rf2 44. Bd1 b3 0-1

[Event "SV Wattenscheid 2 - SG Turm Raesfeld/Er"]
[Site "NRW-Klasse - Gruppe 2 2019/20"]
[Date "2020.01.12"]
[Round "5.8"]
[White "Schwebel, Markus"]
[Black "Sosnowski, Daniel Konrad"]
[Result "1-0"]
[WhiteElo "1958"]
[BlackElo "1962"]
[PlyCount "125"]
[EventDate "2020.??.??"]
[SourceVersionDate "2020.03.16"]
[WhiteTeam "SV Wattenscheid 2"]
[BlackTeam "SG Turm Raesfeld/Erle 1"]

1. e4 e6 2. d4 d5 3. e5 c5 4. c3 Nc6 5. Nf3 cxd4 6. cxd4 Bb4+ 7. Nc3 Nge7 8. a3
Bxc3+ 9. bxc3 h6 10. Bd3 Nf5 11. O-O g5 12. h3 Bd7 13. Nh2 h5 14. Be2 g4 15.
hxg4 hxg4 16. Bxg4 Qh4 17. Bh3 O-O-O 18. Nf3 Qh7 19. Ng5 Qg6 20. Bd2 Rh5 21. f4
Rdh8 22. Kh2 Rh4 23. Rb1 Na5 24. Rf3 Nc4 25. Be1 R4h6 26. Bf2 f6 27. exf6 Qxf6
28. Qe2 Qg6 29. Re1 Re8 30. Kg1 a5 31. Qd3 Nxa3 32. Bxf5 exf5 33. Rxe8+ Bxe8
34. Qe3 Bd7 35. Qe7 Qb6 36. Re3 Qd6 37. Qg7 Rg6 38. Qh8+ Kc7 39. Nf7 Qf6 40.
Qf8 Nc4 41. Re7 Kc6 42. Qd8 Kb5 43. Qxd7+ Qc6 44. Qxb7+ Qxb7 45. Rxb7+ Ka6 46.
Rb8 a4 47. Ne5 Rb6 48. Ra8+ Kb5 49. Nxc4 dxc4 50. d5 Rd6 51. Rb8+ Ka5 52. Bc5
Rxd5 53. Bb4+ Ka6 54. Re8 Kb7 55. Re5 Rd1+ 56. Kh2 Ra1 57. Ra5 Kc6 58. Kg3 Kd7
59. Kh4 Ra2 60. g3 Ke6 61. Kg5 Rg2 62. Ra6+ Kd5 63. Kxf5 1-0

[Event "SV Soest 1 - SG Turm Raesfeld/Erle 1"]
[Site "NRW-Klasse - Gruppe 2 2019/20"]
[Date "2020.02.02"]
[Round "6.1"]
[White "Wilger, Frank"]
[Black "Tscheuschner, Tobias"]
[Result "1-0"]
[WhiteElo "2090"]
[BlackElo "2093"]
[PlyCount "165"]
[EventDate "2020.??.??"]
[SourceVersionDate "2020.03.16"]
[WhiteTeam "SG Turm Raesfeld/Erle 1"]
[BlackTeam "SV Soest 1"]

1. d4 d6 2. Nf3 Nd7 3. e4 g6 4. Bc4 e6 5. Nc3 a6 6. Bg5 Ne7 7. a4 b6 8. O-O Bg7
9. Qd2 h6 10. Be3 g5 11. Rad1 Ng6 12. d5 e5 13. Ne2 Nf6 14. Qd3 Nxe4 15. Qxe4
f5 16. Qd3 e4 17. Qb3 exf3 18. gxf3 f4 19. Bd4 Ne5 20. Bxe5 Bxe5 21. Nd4 Qf6
22. Nc6 O-O 23. Bd3 Bxb2 24. Rfe1 Bh3 25. Re4 Bc3 26. Rc4 Bb2 27. Re1 Rfe8 28.
Rce4 Rxe4 29. Rxe4 a5 30. Qc4 Kf8 31. Bf1 Bf5 32. Re7 Re8 33. Rxe8+ Kxe8 34.
Na7 Qc3 35. Qe2+ Qe5 36. Qb5+ Bd7 37. Qc4 Qc3 38. Qe4+ Kf7 39. Bd3 Qg7 40. Nb5
Be5 41. Nxc7 g4 42. Ne6 Bxe6 43. dxe6+ Kxe6 44. Qf5+ Ke7 45. fxg4 Qg5 46. Qc8
h5 47. h3 hxg4 48. hxg4 Qh4 49. Bg6 Qh8 50. Qc7+ Kf6 51. Qf7+ Kg5 52. Qf5+ Kh4
53. Kg2 f3+ 54. Qxf3 Qf6 55. Bf5 Kg5 56. Qe3+ Bf4 57. Qxb6 Bd2 58. Qb3 Qd4 59.
Qg8+ Kf4 60. Qe6 Kg5 61. Qg6+ Kf4 62. Bd3 Qe5 63. Qh6+ Qg5 64. Qxd6+ Kxg4 65.
Qg3+ Kh5 66. Qxg5+ Kxg5 67. Kf3 Be1 68. Ke3 Kf6 69. f4 Bc3 70. Be4 Ke6 71. Kd3
Be1 72. Kc4 Bd2 73. Kb5 Kd6 74. f5 Bc3 75. Kc4 Bf6 76. Kb5 Bc3 77. Bd3 Bb4 78.
c4 Bc3 79. c5+ Kd7 80. Kb6 Bd4 81. Bc4 Kc8 82. Kc6 Kd8 83. Kd6 1-0